Hommes et femmes qui ont déclarés l'ouverture des Jeux olympiques - Statistiques

Statistiques générales
  • Ce quiz a été pris 5 fois
  • Le résultat moyen est 4 sur 53
Statistiques - réponses
Hint Réponse % Correct
Paris 2024 Emmanuel Macron
100%
Garmisch-Partenkirchen 1936 Adolf Hitler
60%
Berlin 1936 Adolf Hitler
60%
Grenoble 1968 Charles de Gaulle
20%
Albertville 1992 François Mitterand
20%
Salt Lake City 2002 Georges W. Bush
20%
Moscou 1980 Léonid Brejnev
20%
Squaw Valley 1960 Richard Nixon
20%
Sotchi 2014 Vladimir Poutine
20%
Pékin 2022 Xi Jinping
20%
Innsbruck 1964 Adolf Schärf
0%
Nagano 1998 Akihito
0%
Anvers 1920 Albert I
0%
Atlanta 1996 Bill Clinton
0%
Turin 2006 Carlo Azeglio Ciampi
0%
Los Angeles 1932 Charles Curtis
0%
Saint-Louis 1904 David R. Francis
0%
Saint-Moritz 1928 Edmund Schulthess
0%
Londres 1908 Édouard VII
0%
Montréal 1976 Élisabeth II
0%
Londres 2012 Élisabeth II
0%
Saint-Moritz 1948 Enrico Celio
0%
Lake Placid 1932 Franklin D.Roosevelt
0%
Paris 1924 Gaston Doumergue
0%
Chamonix-Mont-Blanc 1924 Gaston Vidal
0%
Athènes 1886 Georges I
0%
Londres 1948 Georges VI
0%
Cortina d'Ampezzo 1956 Giovanni Gronchi
0%
Rome 1960 Giovanni Gronchi
0%
Münich 1972 Gustav Heinemann
0%
Mexico 1968 Gustavo Díaz Ordaz
0%
Stockholm 1912 Gustav V
0%
Lillehammer 1994 Harald V
0%
Amsterdam 1928 Henri des Pays-Bas
0%
Tokyo 1964 Hirohito
0%
Sapporo 1972 Hirohito
0%
Pékin 2008 Hu Jintao
0%
Calgary 1988 Jeanne Sauvé
0%
Barcelone 1992 Juan Carlos Ier
0%
Helsinki 1952 Juho Kusti Paasikivi
0%
Athènes 2004 Konstantínos Stephanópoulos
0%
Vancouver 2010 Michaëlle Jean
0%
Rio 2016 Michel Temer
0%
Sarajevo 1984 Mika Špiljak
0%
PyeongChang 2018 Moon Jae-in
0%
Tokyo 2020 Naruhito
0%
Melbourne 1956 Philip Mountbatten
0%
Oslo 1952 Ragnhild
0%
Séoul 1988 Roh Tae-woo
0%
Los Angeles 1984 Ronald Reagan
0%
Innsbruck 1976 Rudolf Kirchschläger
0%
Lake Placid 1980 Walter Mondale
0%
Sydney 2000 William Deane
0%
Aucun quiz correspondant
Distribution des résultats
% des personnes avec chaque résultat
Percentile par nombre de réponses
Votre historique - résultats
Vous n’avez pas pris ce quiz